A functional grammar-based study on textual metafunctions in ielts reading passages /

Đã lưu trong:
Chi tiết về thư mục
Tác giả chính: Ngô,Thị Quỳnh Như.
Định dạng: Sách
Ngôn ngữ:English
Được phát hành: ĐHNN, 2016.
Những chủ đề:
Các nhãn: Thêm thẻ
Không có thẻ, Là người đầu tiên thẻ bản ghi này!
Thư viện lưu trữ: Mạng thư viện Đại học Đà Nẵng
LEADER 02470nam a22003611a 4500
001 000041184
003 17480
005 20240619161659.0
008 170310s2016 vm 000 eng
040 |a LNN 
041 |a eng 
082 |a 425  |b NG-N 
100 |a Ngô,Thị Quỳnh Như. 
245 2 |a A functional grammar-based study on textual metafunctions in ielts reading passages /  |c Ngô Thị Quỳnh Như. 
260 |a ĐHNN,  |c 2016. 
300 |a 95tr . : ill ; 30cm. 
653 |a functional grammar-based 
653 |a metafunctions 
653 |a ielts reading passages. 
OWN |a LNN 
AVA |a UDN50  |b LNN  |c English  |d 425 NG-N  |e available  |t Error 5001 Not defined in file expand_doc_bib_avail.  |f 1  |g 0  |h N  |i 0  |j AN  |k 1 
Z40 3 |y A FUNCTIONAL GRAMMAR-BASED STUDY ON TEXTUAL METAFUNCTIONS IN IELTS READING PASSAGES  |l Library of UFL  |t VIEW  |x http://catalog.udn.vn:80/F?func=service&doc_library=UDN01&local_base=UDN01&doc_number=000041184&sequence=000001&line_number=0001&func_code=DB_RECORDS&service_type=MEDIA  |f tomtat_000007920.pdf  |e pdf  |s 000281005  |k 20200913  |m NTMTHI 
Z40 3 |y A FUNCTIONAL GRAMMAR-BASED STUDY ON TEXTUAL METAFUNCTIONS IN IELTS READING PASSAGES  |l Library of UFL  |t VIEW  |x http://catalog.udn.vn:80/F?func=service&doc_library=UDN01&local_base=UDN01&doc_number=000041184&sequence=000002&line_number=0002&func_code=DB_RECORDS&service_type=MEDIA  |f luanvan_000007922.pdf  |e pdf  |s 001848239  |k 20200913  |m NTMTHI 
999 |a From the UDN01 
AVA |a UDN50  |b LNN  |c English  |d 425 NG-N  |e available  |t Error 5001 Not defined in file expand_doc_bib_avail.  |f 1  |g 0  |h N  |i 0  |j AN  |k 1 
TYP |a Monograph 
TYP |a Printed language 
856 |y A FUNCTIONAL GRAMMAR-BASED STUDY ON TEXTUAL METAFUNCTIONS IN IELTS READING PASSAGES  |l Library of UFL  |t VIEW  |x http://catalog.udn.vn:80/F?func=service&doc_library=UDN01&local_base=UDN01&doc_number=000041184&sequence=000001&line_number=0001&func_code=DB_RECORDS&service_type=MEDIA  |f tomtat_000007920.pdf  |e pdf  |s 000281005  |k 20200913  |m NTMTHI 
856 |y A FUNCTIONAL GRAMMAR-BASED STUDY ON TEXTUAL METAFUNCTIONS IN IELTS READING PASSAGES  |l Library of UFL  |t VIEW  |x http://catalog.udn.vn:80/F?func=service&doc_library=UDN01&local_base=UDN01&doc_number=000041184&sequence=000002&line_number=0002&func_code=DB_RECORDS&service_type=MEDIA  |f luanvan_000007922.pdf  |e pdf  |s 001848239  |k 20200913  |m NTMTHI 
980 |a Mạng thư viện Đại học Đà Nẵng